000 00555nam a2200181 i 4500
001 35825
003 ES-MaACL
005 20230906155225.0
007 t|
008 030214s1908 fr ||||1| fre d
100 1 _aBrachet, Auguste.
_931235
245 1 0 _aGrammaire française cours elementaire /
_cquincieme edition par Auguste Brachet et Dussonchet.
260 _aParís :
_b[s.n.,
_c1908] (
_fLahure)
300 _a192 p. ;
_c18 cm.
650 0 4 _aLengua francesa-
_xGramática.
_914220
700 1 _aDussonchet, J.
_946350
852 _aES-MaACL
_jF-2701
999 _c35825
_d35825